000 00654nam a22002177a 4500
999 _c6270
_d6270
003 AR-CdUCM
008 190314b ||||| |||| 00| 0 spa d
040 _aMUNICIPALIDAD PROVINCIAL DEL CUSCO
_cBIBLIOTECA MUNICIPAL DEL CUSCO
082 _a869.71 /
_bH87
100 _aHuerta, David
_918019
245 _aHuellas del civilizado /
260 _aMéxico :
_bEdiciones la maquina de escribir,
_c1977.
300 _a31 páginas ;
_c16 cm.
500 _aDonación familia Nieto
505 _aContenido: Poesía mexicana.
650 _aPoesía mexicana
_914662
650 _aSiglo XX
_98
650 _aMéxico
_918
942 _2ddc
_cLIBROS
945 _adavv